Information Security : Management Handbook

Saved in:
Bibliographic Details
Main Authors: Tipton, Harold F. (Author), Krause, Micki (Author)
Format: Book
Language:English
Published: Boca Raton : Auerbach Publications, 2007
Edition:6. vyd
Subjects:
Tags: Add Tag
No Tags, Be the first to tag this record!

MARC

LEADER 00000nam a22000003a 4500
001 stu150051
005 20150617225945.2
008 071121s2007----xxu-----------------eng-d
020 |a 0-8493-7495-2 
040 |a STU  |b slo 
041 0 |a eng 
044 |a xxu 
100 1 |a Tipton, Harold F.  |4 aut 
245 1 |a Information Security :  |b Management Handbook 
250 |a 6. vyd 
260 |a Boca Raton :  |b Auerbach Publications,  |c 2007 
300 |a 3231 s 
650 7 |a počítačová ochrana  |2 stusub 
650 7 |a ochrana údajov  |2 stusub 
700 1 |a Krause, Micki  |4 aut 
996 |b I5861  |c I*5861  |l II680  |s A  |a 24  |w stu150051_0001